Nightmare academy / (Record no. 3522)

MARC details
000 -LEADER
fixed length control field 00924nam a22002537a 4500
001 - CONTROL NUMBER
control field 3522
003 - CONTROL NUMBER IDENTIFIER
control field FISKH
005 - DATE AND TIME OF LATEST TRANSACTION
control field 20240315144516.0
008 - FIXED-LENGTH DATA ELEMENTS--GENERAL INFORMATION
fixed length control field 240315b cb ||||| |||| 00| 0 eng d
040 ## - CATALOGING SOURCE
Original cataloging agency FISK
Language of cataloging eng
Transcribing agency FISK
Modifying agency FISK
050 ## - LIBRARY OF CONGRESS CALL NUMBER
Classification number PZ7.L88638
082 ## - DEWEY DECIMAL CLASSIFICATION NUMBER
Classification number 813.6
100 ## - MAIN ENTRY--PERSONAL NAME
Personal name Lorey Dean
Dates associated with a name 1967-
245 ## - TITLE STATEMENT
Title Nightmare academy /
Remainder of title When monsters frighten us, we fright back,
Statement of responsibility, etc. Dean Lorey
260 ## - PUBLICATION, DISTRIBUTION, ETC.
Place of publication, distribution, etc. New York :
Name of publisher, distributor, etc. Scholastic,
Date of publication, distribution, etc. 2009
300 ## - PHYSICAL DESCRIPTION
Extent 308 pages :
Dimensions 20 cm
490 ## - SERIES STATEMENT
Materials specified Monster Hunters
Series statement Book 1
505 ## - FORMATTED CONTENTS NOTE
Formatted contents note M
520 ## - SUMMARY, ETC.
Summary, etc. Rescued from a very sheltered life, thirteen-year-old Charlie learns that the monsters of his nightmares are real when he becomes a student at Nightmare Academy and begins training to harness his powers to fight terrible creatures and return them to the Netherworld.
521 8# - TARGET AUDIENCE NOTE
Target audience note 760
Source Lexile
700 ## - ADDED ENTRY--PERSONAL NAME
Personal name Dean Lorey
942 ## - ADDED ENTRY ELEMENTS (KOHA)
Source of classification or shelving scheme Dewey Decimal Classification
Koha item type Books
Suppress in OPAC No
Holdings
Withdrawn status Lost status Source of classification or shelving scheme Damaged status Not for loan Collection Home library Current library Shelving location Date acquired Total Checkouts Full call number Barcode Date last seen Date last checked out Copy number Price effective from Koha item type
    Dewey Decimal Classification     Fiction Footprints International School Library Network Toul Kork Campus Footprints International School Library Network Toul Kork Campus   03/15/2024 3 LOR PZ7.L88638 813.6 2024-0347 05/09/2025 09/18/2024 1 03/15/2024 Books